000 00402cam a22001097a 4500
008 180718b1959 xxu||||| |||| 00| 0 eng d
082 _aG5x5452 M267a
245 _aThe Madras Legislative Assembly rules under clause (1) of article 208 of the Constituttion
_cby Legislature Department, Madras
260 _aMadras
_bLegislature Department
_c1959
300 _a47+p
700 _aMadras. Legislature Department
999 _c491053
_d491053